000 00690nam a2200253Ia 4500
003 OSt
005 20220918202600.0
006 a|||||r|||| 00| 0
007 ta
008 220917b |||||||| |||| 00| 0 eng d
024 _a102,297
037 _cTextual
040 _aARTS
_cARTS
_beng
041 _2eng
_aeng
082 _aV23682:7.K, M4
100 _aChakrabarti Dilip K
245 0 _aAntiquities of Kangra
260 _aNew Delhi
_bMunshiram Manohar Lal India
_c1984
300 _a96p. 26 plates
_ccm.
650 _aHISTORY
700 _a Hasan S J
_9104434
942 _hV23682:7.K, M4
_cTEXL
_2CC
999 _c225756
_d225756